000 00326nam a22001457a 4500
008 221031b ||||| |||| 00| 0 eng d
020 _a9780300023510
041 _aeng
080 _a612.39
082 _a612.39
100 _a16.2
101 _anutri
245 _aThe Food Crisis in Prehistory
_cCOHEN M
942 _2udc
_cBK
999 _c58693
_d58693